| 000 | 01381cam a2200385 4500 | ||
|---|---|---|---|
| 008 | 011116n2003 000 0 eng u | ||
| 020 | _a1841131733 | ||
| 035 | _a(Sirsi) u121799 | ||
| 041 | _aeng. | ||
| 050 |
_a346.043 _c18 |
||
| 100 |
_aCooke, Elizabeth _xEditor |
||
| 245 | _aModern studies in property law. Volume II: property 2002 | ||
| 260 |
_aOxford _bHart Publishing _c2003 |
||
| 300 |
_axlv, 392p. _c25cm. |
||
| 350 | _a55 | ||
| 490 | _aModern Studies in Property Law | ||
| 520 | _aThis series consists of a collection of the papers given at the biennial conferences of the Centre for Property Law at the University of Reading. Volume II contains the proceedings from the fourth conference held in March 2002, which includes papers by both English and international speakers on a range of topical issues within the law of property. For volume I see ISBN: 1841131253. | ||
| 650 | _aPROPERTY LAW | ||
| 650 | _aINTERNATIONAL PROPERTY | ||
| 650 | _aLAND REGISTRATION | ||
| 650 | _aEQUITY | ||
| 650 | _aESTOPPEL | ||
| 650 | _aMORTGAGES | ||
| 650 | _aENVIRONMENTAL ISSUES | ||
| 650 | _aNEIGHBOURS | ||
| 650 | _aNATIONAL PARKS | ||
| 650 | _aPUBLIC LAND | ||
| 650 | _aEUROPE | ||
| 650 | _aINTERNATIONAL | ||
| 650 | _aREPUBLIC OF SOUTH AFRICA | ||
| 650 | _aPOLAND | ||
| 650 |
_aLANDLORD AND TENANT _96252 |
||
| 690 | _aPROPERTY | ||
| 942 | _n0 | ||
| 999 |
_c102742 _d102742 |
||